000
00280nam a22001097a 4500
003
SGT
022
_a
2455-846X
245
_a
INDIAN JOURNAL OF ANATOMY AND SURGERY OF HEAD, NECK AND BRAIN
_b
IJASHNB
260
_a
INDIA
_b
INNOVATIVE PUB.
_c
2017
310
_a
QUARTERLY
942
_2
ddc
_c
LJ
999
_c
11623
_d
11623